• 首页
  • 本馆介绍
  • 公告通知
  • 最新文献
  • 馆藏检索
  • 电子资源
  • 读者导购
  • 参考咨询
  • 我的图书馆
  • 登录
  • 详细信息显示
  • 放入我的书架
  • 预约/预借图书
  • 作者相关作品
  • 分类相关作品
  • 丛书相关作品
  • 出版社相关作品

书目信息

  • 表格格式
  • 工作单格式
  • 卡片格式
题名:
高血压中医辨证治疗全书
    
 
作者: 王风 编著
分册:  
出版信息: 南宁   广西科学技术出版社  2004
页数: 270页
开本: 20cm
丛书名:
单 册:
中图分类: R259.4
科图分类:
主题词: 肠胃病--基础理论 , 高血压 , 中医内科学
电子资源:
ISBN: 7-80619-741-9
000 00691nam0 2200241 450
001 0123456211110
005 20070730143905.71
010    @a7-80619-741-9@dCNY23.50
100    @a20050520d2004 em y0chiy0110 ea
101 0  @achi
102    @aCN@b450000
105    @ay z 000yy
200 1  @a高血压中医辨证治疗全书@Agao xue ya zhong yi bian zheng zhi liao quan shu@f王风编著@FWang Feng Bian Zhu
210    @a南宁@c广西科学技术出版社@d2004
215    @a270页@d20cm
300    @a实用中医疗法
606 0  @a肠胃病@x基础理论
606 0  @a高血压
606 0  @a中医内科学
690    @aR259.4@v4
701  0 @a王风@AWang Feng@4编著
801  0 @aCN@bWHC@c20070730
905    @a10447@dR259.4@e225
    
    高血压中医辨证治疗全书/王风编著.-南宁:广西科学技术出版社,2004
    270页;20cm
    实用中医疗法
    
    ISBN 7-80619-741-9:CNY23.50
    
●
相关链接 在E读中查询图书 在五车中查询图书 在当当中查询图书 在豆瓣中查询图书


正题名:高血压中医辨证治疗全书     索取号:R259.4/225         预约/预借

序号 登录号 条形码 馆藏地/架位号 状态 备注
1 0789035   207890353   第二样本阅览室/ [索取号:R259.4/225] 在馆    
2 0789036   207890362   教育系资料室/ [索取号:R259.4/225] 在馆    
3 0789037   207890371   教育系资料室/ [索取号:R259.4/225] 在馆    
4 0789038   207890380   教育系资料室/ [索取号:R259.4/225] 在馆    
5 0789039   207890399   教育系资料室/ [索取号:R259.4/225] 在馆    
唐山师范学院图书馆 欢迎您!
大连网信软件有限公司© 版权所有